000 00393nam a22001697a 4500
005 20260407161611.0
008 160627b xxu||||| |||| 00| 0 eng d
020 _a0-14-070704-2
041 _aeng
082 _a822.33
100 _a Shakespeare, William
_92908
245 _aJulius Caesar
260 _bPenguin India
_c1996
300 _a148
650 _aenglish drama
_98926
942 _cBK
999 _c4276
_d4275